000
00271nam a22001217a 4500
082
_a
823
_b
BAL
100
_a
T V BALASUBRAMANIAN
245
_a
MAHABHARTHA
260
_a
THRISSUR
_b
H&C
520
_a
ENGLISH SHORT STORY
650
_a
ENGLISH SHORT STORY
_z
KERALA
942
_c
BK
999
_c
5800
_d
5800